| 000 | 00690pam a2200205 a 4500 | ||
|---|---|---|---|
| 001 | 4853927 | ||
| 005 | 20240322061001.0 | ||
| 008 | 911223s1992 enk b 001 0 eng | ||
| 020 | _a0415069718 | ||
| 040 |
_aDLC _cDLC _dDLC |
||
| 082 | 0 | 0 |
_a327 _220 _bREA. |
| 100 | 1 | _aGriffiths, Martin, | |
| 245 | 1 | 0 |
_aRealism, idealism, and international politics : _ba reinterpretation / _cMartin Griffiths. |
| 260 |
_aLondon ; _aNew York : _bRoutledge, _c1992. |
||
| 300 | _ax, 206 p. ; | ||
| 500 | _aBased on the author's thesis (doctoral)--University of British Columbia. | ||
| 650 | 0 | _aInternational relations. | |
| 856 | 4 | 2 | _uhttp://www.loc.gov/catdir/enhancements/fy0648/91047982-d.html |
| 942 | _cL | ||
| 999 |
_c603 _d603 |
||